00802nam a2200229 a 450000100060000000300080000600500170001400800390003103500190007004000310008904100080012008200240012824500660015226000300021830000210024865000450026965000550031470000330036994200120040299900170041495201410043121348BD-RjUL20211209000656.0140304s1947 enkacf 000 1 eng a(BD-RjUL)21412 aANLbengcBD-RjULdBD-RjUL aeng00a808.8220bPEN 194704aThe Penguin new writing /cedited by John Lehmann.nVolume 32 aLondon :bPenguin,c1947. a160 p. ;c19 cm. 0aLiterature, Moderny20th century.965997 0aWorld War, 1939-1945xLiterary collections.9659981 aLehmann, John,d1907-965999 2ddccBK c21348d21348 00102ddc40728FICaRUCLbRUCLcReadingd1965-10-16eBlackwellg1.60l0o808.8 PEN V-32 1947r2014-03-04 00:00:00tC-1w2014-03-04yBK